00376nam a2200133Ia 4500003000400000005001700004008004100021040000900062082001800071100004200089245005300131260005000184300000800234OSt20210906140801.0210906b ||||| |||| 00| 0 eng d coclc a892.78bALW/A aAl Wahtari, Mohammed Basheer Bin Abd  aAl Wajeez /cMohammed Basheer Bin Abd Al Wahtari aTirurangadi Book Stall, bTirurangadi:c2003. a48p